Statistics for Celebrity Baby Names #2

Click here to take the quiz!

General Stats

  • This quiz has been taken 17 times
  • The average score is 6 of 15

Answer Stats

HintAnswer% Correct
MadonnaLourdes
88%
Kim Kardashian/Kanye WestNorth
88%
Ashlee Simpson/Pete WentzBronx
65%
Kylie Jenner/Travis ScottWolf Webster
59%
Mariah Carey/Nick CannonMoroccan
53%
Jessica Alba/Cash WarrenHonor
47%
Busy Philipps/Marc SilversteinBirdie
41%
Marissa Ribisi/BeckCosimo
35%
Shannyn SossamonAudio
29%
Jason Lee/Beth RiesgrafPilot
29%
Chloë Sevigny/Sinisa MackovicVanja
29%
Erykah Badu/The D.O.C.Puma
24%
Amanda Beard/Sacha BrownDoone
18%
Robert Rodriguez/Elizabeth AvellánRacer
18%
Josh Holloway/Yessica KumalaJava
12%

Score Distribution

Percentile by Number Answered

Percent of People with Each Score

Your Score History

You have not taken this quiz